000 00814nam a22002417a 4500
005 20250311114501.0
006 a|||||r|||| 00| 0
007 c| aa aaaaa
008 250203b2022 ag |||||o|||| 00| 0 spa d
040 _aAR-EsCIE
_cAR-EsCIE
245 1 0 _aLibro de resúmenes de la 3º reunión Argentina de micología
260 _aEsquel :
_bFundación Hongos de Argentina para la Sustentabilidad,
_c2022.
300 _a199 p.
347 _apdf
650 4 _aMICOLOGIA
_923
650 4 _aECOLOGIA
_9334
650 4 _aFITOPATOLOGIA
_9395
650 4 _aBIOTECNOLOGIA
_9318
711 _e
_aReunión argentina de micología
_d(17 al 21 de octubre 2022 :
_cCórdoba, AR)
856 _uhttps://www.hongos.ar/blog/materiales-1/iii-reunion-argentina-de-micologia-30
910 _aPG20250203
942 _2ddc
_cCF
_n0
999 _c192
_d192